Pergaduhan Melayu-Cina selepas pendudukan Jepun, 1945-1955 /
محفوظ في:
| المؤلف الرئيسي: | |
|---|---|
| التنسيق: | أطروحة كتاب |
| اللغة: | Malay |
| منشور في: |
2013.
|
| الموضوعات: | |
| الوسوم: |
إضافة وسم
لا توجد وسوم, كن أول من يضع وسما على هذه التسجيلة!
|
| LEADER | 01181cam a2200313 i 4500 | ||
|---|---|---|---|
| 001 | u990639 | ||
| 003 | SIRSI | ||
| 005 | 201403051032 | ||
| 008 | 140305s2013 my a t 000 0 may m | ||
| 040 | |a UMM |e rda | ||
| 090 | |a D7 |b UMP 2013 Mohah | ||
| 100 | 0 | |a Mohamed Ali Haniffa, |e author. | |
| 245 | 1 | 0 | |a Pergaduhan Melayu-Cina selepas pendudukan Jepun, 1945-1955 / |c Mohamed Ali Bin Haniffa. |
| 264 | 1 | |c 2013. | |
| 264 | 4 | |c 2013. | |
| 300 | |a xiii, 565 leaves, 20 unnumbered leaves : |b illustration ; |c 30 cm. | ||
| 336 | |a text |2 rdacontent | ||
| 337 | |a unmediated |2 rdamedia | ||
| 338 | |a volume |2 rdacarrier | ||
| 502 | |b Ph.D |c Jabatan Sejarah, Fakulti Sastera dan Sains Sosial, Universiti Malaya |d 2013. | ||
| 504 | |a Bibliography: leaves 501-545. | ||
| 651 | 0 | |a Malaya |x Ethnic relations. | |
| 651 | 0 | |a Malaya |x History. | |
| 651 | 0 | |a Malaya |x History |y Japanese occupation, 1942-1945. | |
| 651 | 0 | |a Malaya |x Politics and government. | |
| 710 | 2 | |a Universiti Malaya. |b Jabatan Sejarah, |e degree granting institution. | |
| 900 | |a HA-ZA | ||
| 596 | |a 1 | ||
| 999 | |a D7 UMP 2013 MOHAH |w LC |c 1 |i A515862178 |d 20/11/2019 |e 20/11/2019 |f 18/12/2014 |g 1 |l STACKS |m P01UTAMA |n 20 |r Y |s Y |t TESIS |u 17/12/2014 | ||
